বীজগনিত : (Record no. 1845)
[ view plain ]
| 000 -LEADER | |
|---|---|
| fixed length control field | 00723nam a22001937a 4500 |
| 001 - CONTROL NUMBER | |
| control field | BD-DhSAU 1845 |
| 003 - CONTROL NUMBER IDENTIFIER | |
| control field | BD-DhSAU |
| 005 - DATE AND TIME OF LATEST TRANSACTION | |
| control field | 20150121115835.0 |
| 008 - FIXED-LENGTH DATA ELEMENTS--GENERAL INFORMATION | |
| fixed length control field | 150121b1983 bg ||||| |||| 00| 0 b d |
| 040 ## - CATALOGING SOURCE | |
| Original cataloging agency | BD-DhSAU |
| 082 ## - DEWEY DECIMAL CLASSIFICATION NUMBER | |
| Edition number | 22 |
| Classification number | ৫১২ |
| Item number | চৌধুবী |
| 100 ## - MAIN ENTRY--PERSONAL NAME | |
| Personal name | চৌধুরী, ডঃ মূণিবুর রহমান |
| 245 ## - TITLE STATEMENT | |
| Title | বীজগনিত : |
| Remainder of title | সনাতন ও আধুনিক / |
| Statement of responsibility, etc. | ডঃ মূণিবুর রহমান চৌধুরী |
| 250 ## - EDITION STATEMENT | |
| Edition statement | ১ম খন্ড |
| 260 ## - PUBLICATION, DISTRIBUTION, ETC. (IMPRINT) | |
| Place of publication, distribution, etc. | ঢাকা : |
| Name of publisher, distributor, etc. | বাংলা একাডেমী ; |
| Date of publication, distribution, etc. | ১৯৮৩। |
| 300 ## - PHYSICAL DESCRIPTION | |
| Extent | xii, ৫১৬ পৃ.: |
| Dimensions | ২৩ সে.মি. |
| 590 ## - Name of Cataloguer | |
| Name of Cataloger | imran |
| 650 ## - SUBJECT ADDED ENTRY--TOPICAL TERM | |
| Topical term or geographic name as entry element | Statistics |
| 942 ## - ADDED ENTRY ELEMENTS (KOHA) | |
| Source of classification or shelving scheme | Dewey Decimal Classification |
| Koha item type | Book |
| Withdrawn status | Lost status | Source of classification or shelving scheme | Damaged status | Not for loan | Home library | Branch Name | Shelving location | Date acquired | Total Checkouts | Full call number | Barcode | Date last seen | Price effective from | Koha item type |
|---|---|---|---|---|---|---|---|---|---|---|---|---|---|---|
| Dewey Decimal Classification | SAU Library | SAU Library | General Stacks | 23/06/1992 | ৫১২ চৌধুবী | 19231 | 21/01/2015 | 21/01/2015 | Book |
